| 000 | 00832nam a2200253Ia 4500 | ||
|---|---|---|---|
| 003 | OSt | ||
| 005 | 20220923220534.0 | ||
| 006 | a|||||r|||| 00| 0 | ||
| 007 | ta | ||
| 008 | 220922b |||||||| |||| 00| 0 hin d | ||
| 024 | _a187,472 | ||
| 037 | _cTextual | ||
| 040 |
_aARTS _cARTS _bhin |
||
| 041 |
_2hin _ahin |
||
| 082 | _aR4, 152L7 | ||
| 100 | _aवर्मा, वेद प्रकाश | ||
| 245 | 0 | _aनीतिशास्त्र के मूल सिद्धान्त | |
| 246 | _aNītishāstra ke mūl siddhānta | ||
| 260 |
_aदिल्ली _b अलाईड प्रकाशन _c1977 |
||
| 300 |
_a384 पृ. _ccm. |
||
| 650 | _aभारतीय दर्शन | ||
| 942 |
_hR4, 152L7 _cTEXL _2CC |
||
| 999 |
_c340549 _d340549 |
||